Interactions of H-atoms, O2 and H2O with K-metal thin films on MgO(100) and MgO/Ru(001) /
Saved in:
| Main Author: | |
|---|---|
| Format: | Thesis Book |
| Language: | English |
| Published: |
1998.
|
| Subjects: | |
| Tags: |
Add Tag
No Tags, Be the first to tag this record!
|
| LEADER | 00802cam a2200241 a 4500 | ||
|---|---|---|---|
| 001 | u437033 | ||
| 003 | SIRSI | ||
| 008 | 970429s1998 si v 00 1 eng m | ||
| 035 | |a ACG-8459 | ||
| 040 | |a UMM | ||
| 090 | |a QC176.84 |b S93Jia | ||
| 100 | 1 | 0 | |a Jiang, Xian. |
| 245 | 1 | 0 | |a Interactions of H-atoms, O2 and H2O with K-metal thin films on MgO(100) and MgO/Ru(001) / |c by Jiang Xian. |
| 260 | |c 1998. | ||
| 300 | |a xiv, 161 leaves : |b ill. ; |c 30 cm. | ||
| 502 | |a Thesis (Ph.D.) -- National University of Singapore, 1998. | ||
| 504 | |a Bibliography: leaves 135-137. | ||
| 650 | 0 | |a Metallic films |x Surfaces. | |
| 650 | 0 | |a Thin films |x Surfaces. | |
| 650 | 0 | |a Surface chemistry. | |
| 948 | |a 24/03/1999 |b 02/06/1999 | ||
| 596 | |a 1 | ||
| 999 | |a QC176.84 S93JIA |w LC |c 1 |i A508383682 |l STACKS |m P01UTAMA |r Y |s Y |t TESIS |u 3/6/1999 | ||
